| 000 | 01255nam a2200265 a 4500 | ||
|---|---|---|---|
| 001 | 000026224 | ||
| 003 | DO-SdBNP | ||
| 005 | 20220125115931.0 | ||
| 008 | 110307s2008 dr ac r 000 0 spa d | ||
| 040 |
_aDO-SdBNP _bspa _cBNPHU |
||
| 082 |
_a021.7 _bF356d, 2008 |
||
| 111 | 2 |
_aFeria Internacional del Libro de Santo Domingo _cSanto Domingo, República Dominicana _d(2008 : 21 abril al 4 de mayo) _n11ª : _953249 |
|
| 245 | 1 | 0 |
_aXI Feia Internacional del Libro Santo Domingo 2008 : _bprograma. _hLa diaspora dominicana |
| 246 | 1 | 3 | _aDecimoprimera Feria Internacional del Libro Santo Domingo, 2011 |
| 260 |
_aSanto Domingo : _bSecretaría de Estado de Cultura _bDirección General de la Feria del Libro, _c2008. _fBúho |
||
| 300 |
_a338 p. : _bil., retrs. ; _c23 cm. |
||
| 500 | _aHomenaje a Emilio Rodríguez Demorizi | ||
| 500 | _aInvitada de honor : Asociación de Estado del Caribe | ||
| 590 | _aInventariado,2018/VM | ||
| 611 | 2 | 4 |
_aFERIA INTERNACIONAL DEL LIBRO _n(11ª : _d2008 _cSANTO DOMINGO, REPÚBLICA DOMINICANA) _xPROGRAMAS _953250 |
| 650 | 4 |
_aIndustria del libro _cREPÚBLICA DOMINICANA _xProgramas _953251 |
|
| 650 | 4 |
_aFeria del libro _zRepública Dominicana _y2008 _953252 |
|
| 910 | _aValidado. Control de caliad. MFF | ||
| 942 |
_2ddc _cLBS1 |
||
| 999 |
_c25716 _d25716 |
||